00462nam a2200193 a 4500001001300000003000900013005001700022008004100039020001000080082001300090100001700103245001900120260002500139300000900164500003500173505001700208650002600225700001700251nice12345678IN_TiNIC20260116011348.0050524s1908 teha grp 000 0 urd  ac10000a231bTAL aTalibuddin,  aKhuda Ki Hasti aTehranbLahorec1908 a152p aincludes index and biblioraphy2 abibliography aGod-Biblical Teaching1 aTalibuddin,